| 000 | 00566nam a22002057a 4500 | ||
|---|---|---|---|
| 005 | 20240829063419.0 | ||
| 008 | 240829b |||||||| |||| 00| 0 eng d | ||
| 020 | _a9788119679805 | ||
| 040 |
_aIN-DiNC _cIN-DiNC |
||
| 041 | _dasm | ||
| 082 |
_a320.512 _bGOH |
||
| 100 |
_aGohain, Nabin _eauthor |
||
| 245 |
_aDhrupadi rajnaitik darshan/ _cby Nabin Gohain and Pankaj Borah |
||
| 250 | _a1st ed. | ||
| 260 |
_aJorhat: _bBidya bhawan, _c2024. |
||
| 300 | _a336p. | ||
| 650 | _aClassical political philosophy | ||
| 700 |
_aBorah, Pankaj _eauthor |
||
| 942 |
_2ddc _cBK |
||
| 999 |
_c11897 _d11897 |
||